| 000 | 00950nam a2200289 a 4500 | ||
|---|---|---|---|
| 001 | $$a0000010894 | ||
| 005 | 20200120221901.0 | ||
| 008 | 990316s1984 espd gr0 0 000 d | ||
| 020 | _a84-345-8157-4 | ||
| 082 | 0 | 4 |
_a921.3 _bJ65 |
| 100 | 0 | _aJones, Ernest | |
| 245 | 1 | 0 |
_aFreud / _cErnest Jones; prólogo: C. Castilla del Pino; introducción: Lionel Trillma; traducción: Mario Carlisky. |
| 260 |
_aBarcelona _bSalvat _c1984 |
||
| 300 | _a2V. ; fot., il. | ||
| 490 | _aBiblioteca Salvat de grandes biografías; No. 12 | ||
| 500 | _aBiblioteca Lanceros tiene V.1 | ||
| 500 | _aEdición abreviada en dos volumenes | ||
| 500 | _aTitulo original: the life and work of sigmund freud | ||
| 500 | _aISBN VOL 2: 84-345-8158-2 | ||
| 650 | 1 | 4 | _aFREUD |
| 650 | 1 | 4 | _aPSICOANALISIS |
| 650 | 1 | 4 | _aSUBCONCIENCIA |
| 650 | 1 | 4 | _aSUEÑOS |
| 700 | 1 | _aCarlisky, Mario, tr. | |
| 700 | 1 | _aTrillimo, Lionel, int. | |
| 700 | 1 | _aCastilla Pino, C. del, pról. | |
| 999 |
_c719 _d719 |
||